Tutti i marcatori della Serie A 2023/24 - Statistics

Statistiche generali
  • Questo quiz è stato fatto 229 volte
  • Il punteggio medio è 97 su 295
Statistiche sulle risposte
Giocatore Squadra Gol % Corretto
D. Vlahovic Juventus 16
99%
Lautaro Martínez Inter 24
99%
Victor Osimhen Napoli 15
91%
Marcus Thuram Inter 13
90%
P. Dybala Roma 13
90%
Rafael Leão Milan 9
89%
O. Giroud Milan 15
88%
D. Zapata Torino 13
84%
G. Zappa Cagliari 1
84%
R. Lukaku Roma 13
83%
H. Calhanoglu Inter 13
82%
Mateo Retegui Genoa 7
82%
A. Lookman Atalanta 11
80%
A. Pinamonti Sassuolo 11
79%
C. Pulisic Milan 12
79%
G. Scamacca Atalanta 12
79%
Joshua Zirkzee Bologna 11
78%
D. Berardi Sassuolo 9
77%
N. Barella Inter 2
75%
R. Orsolini Bologna 10
73%
K. Kvaratskhelia Napoli 11
72%
A. Gudmundsson Genoa 14
71%
F. Dimarco Inter 5
71%
A. Bastoni Inter 1
69%
Simone Bastoni Empoli 1
69%
C. Immobile Lazio 7
66%
F. Chiesa Juventus 9
66%
Lorenzo Lucca Udinese 8
66%
M. Politano Napoli 8
66%
D. Dumfries Inter 4
64%
D. Frattesi Inter 6
64%
Teun Koopmeiners Atalanta 12
64%
T. Hernández Milan 5
64%
M. Arnautovic Inter 5
63%
Bremer Juventus 3
62%
P. Pellegri Torino 1
62%
F. Acerbi Inter 3
61%
M. Locatelli Juventus 1
61%
N. González Fiorentina 12
61%
Frederico Gatti Juventus 4
60%
A. Milik Juventus 4
58%
Boulaye Dia Salernitana 4
58%
Charles De Ketelaere Atalanta 10
58%
Fikayo Tomori Milan 4
58%
Joan Gonzàlez Lecce 1
58%
Dany Mota Monza 4
57%
M. Zaccagni Lazio 6
57%
Valentín Castellanos Lazio 4
57%
L. Pellegrini Roma 8
56%
L. Pellegrini Lazio 1
56%
M. Pasalic Atalanta 6
56%
S. de Vrij Inter 1
56%
D. Zappacosta Atalanta 2
55%
H. Mkhitaryan Inter 2
55%
Nikola Krstovic Lecce 7
54%
A. Colpani Monza 8
53%
Andrea Cambiaso Juventus 2
53%
B. Cristante Roma 3
53%
G. Raspadori Napoli 5
53%
Tammy Abraham Roma 1
53%
A. Belotti Roma 6
52%
A. Belotti Fiorentina 6
52%
M. Djuric Monza 9
52%
M. Djuric Verona 5
52%
Tijjani Reijnders Milan 3
51%
D. Calabria Milan 1
50%
G. Mancini Roma 4
50%
Kenan Yildiz Juventus 2
50%
Lewis Ferguson Bologna 6
50%
Lucas Beltrán Fiorentina 6
50%
M. Darmian Inter 2
50%
L. Jovic Milan 6
49%
Éderson Atalanta 6
48%
Danilo Juventus 1
47%
Riccardo Calafiori Bologna 2
47%
R. Loftus-Cheek Milan 6
47%
G. Simeone Napoli 1
46%
A. Rabiot Juventus 5
45%
A. Saelemaekers Bologna 4
45%
Daniel Maldini Monza 4
45%
F. Thauvin Udinese 5
45%
Lorenzo Colombo Milan 4
45%
Lorenzo Colombo Monza 4
45%
P. Zielinski Napoli 3
45%
Yann Bisseck Inter 2
45%
A. Lauriente Sassuolo 5
43%
G. Di Lorenzo Napoli 1
43%
Matteo Gabbia Milan 2
43%
R. Piccoli Lecce 5
43%
A. Sánchez Inter 2
42%
C. Biraghi Fiorentina 2
42%
L. Pavoletti Cagliari 4
42%
A. Sanabria Torino 5
41%
Santiago Castro Bologna 1
41%
A. Candreva Salernitana 6
40%
A. Rrahmani Napoli 3
39%
Fabio Miretti Juventus 1
39%
Pedro Lazio 1
39%
A. Buongiorno Torino 3
38%
Raoul Bellanova Torino 1
38%
Lazar Samardzic Udinese 6
37%
M. Pessina Monza 6
37%
R. Freuler Bologna 1
37%
S. El Shaarawy Roma 3
37%
Nadir Zortea Atalanta 2
36%
Nadir Zortea Frosinone 2
36%
Noah Okafor Milan 6
36%
S. Romagnoli Frosinone 1
36%
A. Marusic Lazio 1
35%
M. Brescianini Frosinone 4
35%
Dan Ndoye Bologna 1
34%
I. Bennacer Milan 2
34%
Kristjan Asllani Inter 1
34%
Luis Alberto Lazio 5
34%
A. Petagna Cagliari 1
32%
A. Petagna Monza 1
32%
Walid Cheddira Frosinone 7
32%
Alex Sandro Juventus 1
31%
C. Ngonge Napoli 7
31%
C. Ngonge Verona 6
31%
G. Lapadula Cagliari 3
31%
L. De Silvestri Bologna 2
31%
L. Muriel Atalanta 2
31%
L. Paredes Roma 3
31%
N. Vlasic Torino 3
31%
Arijon Ibrahimovic Frosinone 1
30%
D. Lazovic Verona 3
30%
Felipe Anderson Lazio 5
30%
Tijanni Noslin Verona 5
30%
Giovanni Fabbian Bologna 5
29%
Gustav Isaksen Lazio 3
29%
Jonathan Ikoné Fiorentina 3
29%
M'Bala Nzola Fiorentina 3
29%
M. Vecino Lazio 6
29%
Samuele Ricci Torino 1
29%
Sandi Lovric Udinese 1
29%
Giorgio Scalvini Atalanta 1
28%
L. Ranieri Fiorentina 2
28%
L. Spinazzola Roma 1
28%
Patrick Dorgu Lecce 2
28%
R. Mandragora Fiorentina 3
28%
D. Rugani Juventus 2
27%
G. Bonaventura Fiorentina 8
27%
G. Gaetano Cagliari 5
27%
G. Gaetano Napoli 5
27%
Lameck Banda Lecce 2
27%
Lucas Martínez Quarta Fiorentina 5
27%
Mattia Viti Sassuolo 1
27%
Sam Beukema Bologna 1
27%
D. Cataldi Lazio 1
26%
Eldor Shomurodov Cagliari 3
26%
I. Ilic Torino 3
26%
Juan Jesus Napoli 1
26%
Kaio Jorge Frosinone 3
26%
M. Guendouzi Lazio 2
26%
M. Niang Empoli 6
26%
R. Sottil Fiorentina 2
26%
S. Chukwueze Milan 1
26%
Sebastiano Luperto Empoli 1
26%
Zito Cagliari 4
26%
A. Florenzi Milan 1
25%
Michael Folorunsho Verona 5
25%
Nicolò Cambiaghi Empoli 1
25%
C. Kouamé Fiorentina 2
24%
F. Caputo Empoli 3
24%
Junior Messias Genoa 1
24%
Loum Tchaouna Salernitana 4
24%
Nicolas Viola Cagliari 5
24%
Tomas Suslov Verona 3
24%
C. Lykogiannis Bologna 2
23%
M. Bani Genoa 2
23%
S. Kolasinac Atalanta 1
23%
S. Posch Bologna 1
23%
Tommaso Baldanzi Roma 2
23%
Tommaso Baldanzi Empoli 2
23%
Y. Adli Milan 1
23%
Y. Mina Cagliari 2
23%
Chaka Traorè Milan 1
22%
Diego Coppola Verona 2
22%
Jovane Cabral Salernitana 1
22%
Keinan Davis Udinese 1
22%
Jacopo Fazzini Empoli 1
21%
O. Duda Verona 1
21%
Patric Lazio 2
21%
J. Odgaard Bologna 2
20%
L. Mazzitelli Frosinone 5
20%
M. Olivera Napoli 1
20%
Morten Frendrup Genoa 2
20%
Tajon Buchanan Inter 1
20%
T. Augello Cagliari 1
20%
Warren Bondo Monza 1
20%
Caleb Ekuban Genoa 4
19%
E. Elmas Napoli 2
19%
Gian Marco Ferrari Sassuolo 1
19%
Matteo Cancellieri Empoli 4
19%
Samuel Iling-Junior Juventus 1
19%
Arthur Fiorentina 2
18%
El Bilal Touré Atalanta 2
18%
G. Castrovilli Fiorentina 1
18%
G. Maggiore Salernitana 4
18%
G. Strefezza Lecce 1
18%
Johan Vásquez Genoa 1
18%
Kristian Thorstvedt Sassuolo 6
18%
Morten Thorsby Genoa 2
18%
N. Moro Bologna 1
18%
R. Gagliardini Monza 1
18%
R. Rodríguez Torino 1
18%
Simy Salernitana 3
18%
A. Barak Fiorentina 2
17%
Abdou Harroui Frosinone 3
17%
Hassane Kamara Udinese 1
17%
N. Sansone Lecce 2
17%
R. Pereyra Udinese 4
17%
Alberto Dossena Cagliari 2
16%
Emil Holm Atalanta 1
16%
Jordan Zemura Udinese 1
16%
Leo Østigard Napoli 1
16%
S. Zurkowski Empoli 4
16%
Andrea Carboni Monza 1
15%
E. Gyasi Empoli 1
15%
G. Kastanos Salernitana 3
15%
Joseph Alfred Duncan Fiorentina 2
15%
Martín Payero Udinese 2
15%
M. Badelj Genoa 1
15%
Remi Oudin Lecce 3
15%
Thomas Henry Verona 3
15%
Valentin Carboni Monza 2
15%
C. Kabasele Udinese 1
14%
D. Llorente Roma 1
14%
F. Bonazzoli Verona 3
14%
G. Defrel Sassuolo 1
14%
Matìas Soulè Malvano Juventus 11
14%
Matìas Soulè Malvano Frosinone 11
14%
P. Schuurs Torino 1
14%
R. Kristensen Roma 1
14%
R. Malinovskiy Genoa 4
14%
A. Miranchuk Atalanta 3
13%
Dean Huijsen Roma 2
13%
Dean Huijsen Juventus 2
13%
Jan-Carlo Simic Milan 1
13%
L. Caldirola Monza 1
13%
Reinier Frosinone 2
13%
S. Azmoun Roma 3
13%
A. Deiola Cagliari 1
12%
F. Fazio Salernitana 1
12%
Gaetano Pio Oristanio Cagliari 2
12%
Ilario Monterisi Frosinone 2
12%
Matteo Prati Cagliari 1
12%
Michael Kayode Fiorentina 1
12%
Radu Dragusin Genoa 2
12%
Y. Ramadani Lecce 1
12%
A. Cerri Empoli 1
11%
Antoine Makoumbou Cagliari 1
11%
Cristian Volpato Sassuolo 1
11%
Daichi Kamada Lazio 2
11%
Nahitan Nández Cagliari 2
11%
Nedim Bajrami Sassuolo 2
11%
Sulemana Cagliari 2
11%
Vitor Oliveira Genoa 2
11%
Daniel Boloca Sassuolo 1
10%
F. Di Francesco Lecce 1
10%
Hamza Rafia Lecce 1
10%
Isaac Success Udinese 1
10%
Matheus Henrique Sassuolo 2
10%
N. Radonjic Torino 3
10%
Oussama El Azzouzi Bologna 2
10%
Pontus Almqvist Lecce 2
10%
Renato Sanches Roma 1
10%
Samuele Vignato Monza 1
10%
Valentin Gendrey Lecce 2
10%
V. Kovalenko Empoli 1
10%
H. Aouar Roma 4
9%
Lautaro Giannetti Udinese 1
9%
M. Erlic Sassuolo 1
9%
Oier Zarraga Udinese 2
9%
Chukwubuikem Ikwuemesi Salernitana 1
8%
J. Báez Frosinone 1
8%
Junior Sambia Salernitana 1
8%
Kingstone Mutandwa Cagliari 1
8%
K. Swiderski Verona 2
8%
Marvin Çuni Frosinone 1
8%
Niccolò Pierozzi Fiorentina 1
8%
Niccolò Pierozzi Salernitana 1
8%
Walace Udinese 2
8%
J. Brekalo Fiorentina 1
7%
J. Jankto Cagliari 1
7%
Lorenzo Pirola Salernitana 1
7%
M. Bakker Atalanta 1
7%
Shon Weissman Salernitana 1
7%
U. Racic Sassuolo 1
7%
D. Biraschi Genoa 1
6%
Mirko Maric Monza 1
6%
P. Lirola Frosinone 2
6%
Zanos Savva Torino 1
6%
Agustín Martegani Salernitana 1
5%
Nessun quiz corrispondente trovato
Distribuzione punteggi
Percentuale di utenti per punteggio
Percentile per numero di risposta
I tuoi punteggi nel tempo
Non hai fatto questo quiz